Current problems of planned economy; (Record no. 53090)

MARC details
000 -LEADER
fixed length control field 00588cam a22002051 4500
001 - CONTROL NUMBER
control field sa 62000908
003 - CONTROL NUMBER IDENTIFIER
control field DLC
005 - DATE AND TIME OF LATEST TRANSACTION
control field 20260227111916.0
008 - FIXED-LENGTH DATA ELEMENTS--GENERAL INFORMATION
fixed length control field 870107s1962 ii a 000 0 eng
010 ## - LIBRARY OF CONGRESS CONTROL NUMBER
LC control number sa 62000908
035 ## - SYSTEM CONTROL NUMBER
System control number (OCoLC)15043324
040 ## - CATALOGING SOURCE
Original cataloging agency DLC
Transcribing agency TxArU
Modifying agency DLC
042 ## - AUTHENTICATION CODE
Authentication code premarc
050 00 - LIBRARY OF CONGRESS CALL NUMBER
Classification number HC435
Item number .N356
110 2# - MAIN ENTRY--CORPORATE NAME
Corporate name or jurisdiction name as entry element National Council of Applied Economic Research.
245 10 - TITLE STATEMENT
Title Current problems of planned economy;
Remainder of title five years of research by NCAER.
260 ## - PUBLICATION, DISTRIBUTION, ETC.
Place of publication, distribution, etc. New Dehli
Date of publication, distribution, etc. [1962]
300 ## - PHYSICAL DESCRIPTION
Extent 115 p.
Other physical details illus.
Dimensions 23 cm.
651 #0 - SUBJECT ADDED ENTRY--GEOGRAPHIC NAME
Geographic name India
General subdivision Economic policy.

No items available.

Powered by Koha